|
|
|
|
| LEADER |
00000nab a2200000 ar4500 |
| 001 |
vtls009352094 |
| 003 |
SK-MaSNL |
| 005 |
20260303201553.0 |
| 008 |
081023c2008 xo qr|p|||||||000 b|slo |
| 015 |
|
|
|a SNBRB2008/10
|2 snkbucl
|
| 038 |
|
|
|a SNKBUCL
|
| 040 |
|
|
|a SNKBUCL
|b slo
|c SNKBUCL
|e AACR2
|
| 041 |
0 |
|
|a slo
|
| 044 |
|
|
|a xo
|c SK
|
| 080 |
|
|
|a 7:004.085
|2 2001
|
| 080 |
|
|
|a 7:004.9
|2 2001
|
| 100 |
1 |
|
|a Rusnáková, Katarína,
|d 1959-
|4 aut
|9 199879
|
| 245 |
1 |
0 |
|a Korelácia obrazu a textu v súčasnom mediálnom umení
|c Katarína Rusnáková
|
| 300 |
|
|
|b Fotogr.
|
| 504 |
|
|
|a Bibliogr. odkazy
|
| 650 |
0 |
7 |
|a mediálne umenie
|2 snkbucl
|9 66580
|
| 650 |
0 |
7 |
|a digitálne umenie
|2 snkbucl
|9 86258
|
| 650 |
0 |
7 |
|a videoart
|2 snkbucl
|9 20818
|
| 650 |
0 |
7 |
|a obraz-text
|2 snkbucl
|9 1232494
|
| 773 |
0 |
|
|t Profil
|g Roč. XV, č. 1-2 (2008), s. 134-149
|x 1335-9770
|
| 852 |
|
|
|a SNK
|b KIS3GCP
|
| 999 |
|
|
|c 2174913
|d 2176843
|